[Event "Isla de la Palma Semana Santa op 3rd"]
[Site "Isla de la Palma"]
[Date "2018.03.25"]
[Round "3"]
[White "Castrejon Castro, Jesus"]
[Black "Fernandez Arce, Aketza"]
[Result "0-1"]
[WhiteElo "1234"]
[BlackElo "1654"]
[PlyCount "116"]
[EventDate "2018.03.24"]
[EventType "swiss"]
[EventRounds "7"]
[EventCountry "ESP"]
[SourceTitle "CBM 183 Extra"]
[Source "ChessBase"]
[SourceDate "2018.04.19"]
[SourceVersion "1"]
[SourceVersionDate "2018.04.19"]
[SourceQuality "1"]

1. e4 Nf6 2. Nc3 d5 3. e5 d4 4. exf6 dxc3 5. fxg7 cxd2+ 6. Qxd2 Bxg7 7. Qxd8+ Kxd8 8. g3 Bf5 9. Bg2 c6 10. c3 Nd7 11. Nf3 Kc7 12. Be3 Rhe8 13. Nd2 a5 14. Rd1 Bc2 15. Rc1 Bd3 16. f4 a4 17. Kf2 a3 18. b3 Nf6 19. h3 Nd7 20. Be4 Bxe4 21. Nxe4 h6 22. Rhd1 b6 23. Nd2 Nf6 24. Kf3 Nd5 25. Bd4 e5 26. c4 exd4 27. cxd5 Re3+ 28. Kf2 c5 29. b4 Rc3 30. d6+ Kc6 31. Ne4 cxb4 32. Nxc3 bxc3 33. Kf3 Rd8 34. Ke4 Rxd6 35. Kd3 Kc5 36. Re1 Rg6 37. g4 h5 38. Rg1 hxg4 39. hxg4 b5 40. g5 b4 41. f5 Rb6 42. f6 Bf8 43. Rg4 Rd6 44. Rb1 Rd5 45. g6 fxg6 46. Rxg6 Rh5 47. Rg3 Bh6 48. f7 Rf5 49. Rh3 Bg7 50. Ke4 Re5+ 51. Kf4 Re6 52. Rh5+ Kc4 53. Rf5 c2 54. Rc1 Kc3 55. f8Q Bxf8 56. Rxf8 Kb2 57. Rxc2+ Kxc2 58. Rd8 d3 0-1

[Event "Las Palmas Insular-chT Segunda-B 1617"]
[Site "Las Palmas"]
[Date "2016.11.05"]
[Round "3.3"]
[White "Jablanovic, Sasa"]
[Black "Fernandez Arce, Aketza"]
[Result "1-0"]
[WhiteElo "1628"]
[BlackElo "1557"]
[PlyCount "133"]
[EventDate "2016.10.22"]
[EventType "team-tourn"]
[EventRounds "14"]
[EventCountry "ESP"]
[SourceTitle "EXT 2018"]
[Source "ChessBase"]
[SourceDate "2017.10.13"]
[SourceVersion "1"]
[SourceVersionDate "2017.10.13"]
[SourceQuality "1"]
[WhiteTeam "Mogan"]
[BlackTeam "Grandama III"]
[WhiteTeamCountry "ESP"]
[BlackTeamCountry "ESP"]

1. e4 Nf6 2. Nc3 d5 3. e5 d4 4. exf6 dxc3 5. fxe7 cxd2+ 6. Qxd2 Bxe7 7. Qxd8+ Bxd8 8. Bf4 0-0 9. 0-0-0 Be6 10. a3 c5 11. g3 Nc6 12. Bg2 Bg4 13. Rd5 Rc8 14. Rxc5 Bb6 15. Rg5 f5 16. f3 h6 17. Rg6 Bh5 18. Rd6 Bc7 19. Rd5 Bxf4+ 20. gxf4 Bf7 21. Rd7 Bb3 22. c3 Rfe8 23. Nh3 Re2 24. Rd2 Rce8 25. Rxe2 Rxe2 26. Bf1 Re1+ 27. Kd2 Rb1 28. Ke3 Kf8 29. Nf2 Rxb2 30. Bb5 Ne7 31. Nd3 Ra2 32. Nc5 Rxa3 33. Kd4 Bd5 34. Rf1 Kf7 35. Bd3 Bc6 36. Bc4+ Kf6 37. Re1 Bd5 38. Bxd5 Nxd5 39. Kxd5 Rxc3 40. Nd7+ Kg6 41. Ke6 Rc6+ 42. Ke5 a5 43. Rg1+ Kf7 44. Kxf5 g6+ 45. Rxg6 Rc7 46. Ne5+ Kf8 47. Rxh6 Kg7 48. Rg6+ Kh7 49. Rb6 a4 50. Nd3 a3 51. Nb4 Kg8 52. Kg5 Rc1 53. Rxb7 Rb1 54. Ra7 Rxb4 55. Rxa3 Rb5+ 56. f5 Rb2 57. h4 Rg2+ 58. Kf6 Rh2 59. Ra4 Rh3 60. Rg4+ Kf8 61. f4 Rh2 62. Kg6 Kg8 63. h5 Kh8 64. f6 Rf2 65. f5 Rf1 66. f7 Rxf5 67. Kxf5 1-0

[Event "Las Palmas Insular-chT Primera-B"]
[Site "Las Palmas"]
[Date "2016.02.06"]
[Round "11.1"]
[White "Henriquez Cazorla, Laura"]
[Black "Fernandez Arce, Aketza"]
[Result "0-1"]
[WhiteElo "1491"]
[BlackElo "1516"]
[PlyCount "114"]
[EventDate "2015.10.17"]
[EventType "team-tourn"]
[EventRounds "14"]
[EventCountry "ESP"]
[SourceTitle "EXT 2017"]
[Source "ChessBase"]
[SourceDate "2016.10.25"]
[SourceVersion "1"]
[SourceVersionDate "2016.10.25"]
[SourceQuality "1"]
[WhiteTeam "Hotel Avda de Canarias IV"]
[BlackTeam "El Puerto de Santa Lucia"]
[WhiteTeamCountry "ESP"]
[BlackTeamCountry "ESP"]

1. d4 Nf6 2. c4 e6 3. g3 d5 4. Nf3 Nbd7 5. Bg2 dxc4 6. 0-0 Nb6 7. Qc2 Bd7 8. Ne5 Rb8 9. e4 Be7 10. h3 0-0 11. Be3 Ba4 12. Qe2 Rc8 13. Nc3 a6 14. Nxc4 Nxc4 15. Qxc4 Be8 16. e5 b5 17. Qd3 Nd7 18. Be4 h6 19. Bb7 Rb8 20. Bxa6 Nc5 21. Qe2 Nxa6 22. Qg4 Kh8 23. Ne2 Bg5 24. Bxg5 Qxg5 25. Qxg5 hxg5 26. a3 c6 27. Nc3 Nc7 28. Ne4 f6 29. exf6 gxf6 30. Rfe1 Bf7 31. Nxf6 Rbd8 32. Ne4 Rd5 33. Rac1 Be8 34. Rc5 Rxc5 35. dxc5 Rf5 36. g4 Rd5 37. Nf6 Rxc5 38. Nxe8 Nxe8 39. Rxe6 Ng7 40. Re2 Kh7 41. Kg2 Kg6 42. Rd2 Kf6 43. Rd3 Ne6 44. Rc3 Rxc3 45. bxc3 Nc5 46. Kf3 Na4 47. Ke3 Nxc3 48. Kd4 Nb1 49. Ke4 Nxa3 50. f4 b4 51. fxg5+ Kxg5 52. Kd3 c5 53. Kd2 Nb1+ 54. Kc2 Nc3 55. Kb3 Ne4 56. Kb2 c4 57. Kc2 Nf2 0-1

[Event "Canarias-ch U14"]
[Site "San Bartolome de Tirajana"]
[Date "2015.04.11"]
[Round "6"]
[White "Fernandez Arce, Aketza"]
[Black "Henriquez Cazorla, Laura"]
[Result "1/2-1/2"]
[WhiteElo "1460"]
[BlackElo "1401"]
[PlyCount "87"]
[EventDate "2015.04.10"]
[EventType "swiss"]
[EventRounds "7"]
[EventCountry "ESP"]
[SourceTitle "EXT 2024"]
[Source "ChessBase"]
[SourceDate "2023.10.10"]
[SourceVersion "1"]
[SourceVersionDate "2023.10.10"]
[SourceQuality "1"]

1. f4 Nf6 2. Nf3 g6 3. b3 Bg7 4. Bb2 0-0 5. d3 d5 6. Nbd2 Re8 7. e4 dxe4 8. Nxe4 Nxe4 9. Bxg7 Kxg7 10. dxe4 b6 11. Bb5 c6 12. Qxd8 Rxd8 13. Bd3 Bb7 14. 0-0 Nd7 15. b4 c5 16. a3 e6 17. Rfd1 Nf6 18. e5 Nd5 19. Be4 Rab8 20. Bxd5 Bxd5 21. c3 Rbc8 22. b5 Bc4 23. a4 Rxd1+ 24. Rxd1 Bb3 25. Rc1 Bxa4 26. c4 Rd8 27. Kf2 Bd1 28. Ra1 Bxf3 29. Kxf3 Rd7 30. Ke3 Kf8 31. Ke2 Ke7 32. Rd1 Rxd1 33. Kxd1 Kd7 34. Kc2 Kc7 35. Kb3 Kb7 36. Ka4 a6 37. g4 h6 38. h3 axb5+ 39. cxb5 Kc7 40. h4 Kd7 41. Kb3 Ke7 42. g5 hxg5 43. hxg5 Kd7 44. Kc4 1/2-1/2

[Event "Gran Canaria-ch U12"]
[Site "Gran Canaria"]
[Date "2013.03.09"]
[Round "5.2"]
[White "Fernandez Arce, Aketza"]
[Black "Henriquez Cazorla, Alejandro"]
[Result "0-1"]
[WhiteElo "1200"]
[BlackElo "1227"]
[PlyCount "41"]
[EventDate "2013.03.08"]
[EventType "tourn"]
[EventRounds "7"]
[EventCountry "ESP"]
[SourceTitle "EXT 2024"]
[Source "ChessBase"]
[SourceDate "2023.10.10"]
[SourceVersion "1"]
[SourceVersionDate "2023.10.10"]
[SourceQuality "1"]

1. e4 e6 2. d4 d5 3. Nc3 Nf6 4. Bg5 Be7 5. exd5 exd5 6. Nf3 Nc6 7. Bd3 Bg4 8. Qe2 Nxd4 9. Qe3 Nxf3+ 10. gxf3 d4 11. Qf4 dxc3 12. fxg4 Nd5 13. Bxe7 cxb2 14. Rb1 Qxe7+ 15. Qe4 Qxe4+ 16. Bxe4 Nc3 17. Rxb2 Nxe4 18. Kd1 Nxf2+ 19. Kc1 Nxh1 20. Rxb7 Kd7 21. Rb3 0-1

[Event "Gran Canaria Cabildo op"]
[Site "Gran Canaria"]
[Date "2013.01.21"]
[Round "4"]
[White "Fernandez Arce, Aketza"]
[Black "Suarez Cardero, Ivan"]
[Result "0-1"]
[WhiteElo "1354"]
[BlackElo "1532"]
[PlyCount "74"]
[EventDate "2013.01.10"]
[EventType "swiss"]
[EventRounds "7"]
[EventCountry "ESP"]
[SourceTitle "CBM 152 Extra"]
[Source "ChessBase"]
[SourceDate "2013.02.25"]
[SourceVersion "1"]
[SourceVersionDate "2013.02.25"]
[SourceQuality "1"]

1. e4 e5 2. Nf3 Nc6 3. Bb5 d6 4. Bxc6+ bxc6 5. h3 Nf6 6. Nc3 Be7 7. 0-0 0-0 8. d4 exd4 9. Nxd4 Bb7 10. Nf5 Bc8 11. Nxe7+ Qxe7 12. f3 Nh5 13. Ne2 Qh4 14. Kh2 Re8 15. Qe1 Qe7 16. g4 Qe5+ 17. Kg2 Nf6 18. Nc3 d5 19. f4 Qe7 20. e5 Nd7 21. Bd2 Bb7 22. Qf2 c5 23. Rad1 d4+ 24. Kg3 dxc3 25. Bxc3 Rad8 26. Qe2 Nb6 27. Rde1 Nd5 28. Ba5 f6 29. c4 Nb6 30. Bc3 Qe6 31. b3 fxe5 32. Bxe5 Qd7 33. Rd1 Qc6 34. Rxd8 Rxd8 35. Qb2 Qd7 36. Qa3 Qd3+ 37. Kf2 Qf3+ 0-1